| 000 | 01908nam a2200541 i 4500 | ||
|---|---|---|---|
| 001 | 45022 | ||
| 003 | KOSZ 005 | ||
| 005 | 20240405063148.0 | ||
| 008 | 010922s2001 pl a |000 0 pol | ||
| 015 | _aUWD 2001/17047 | ||
| 020 | _a8388536109 | ||
| 035 | _a991016904609705066 | ||
| 035 | _a(PL-WaBN)b14562509-48omnis_nlop | ||
| 035 | _ab14562509 | ||
| 035 | _a(OCoLC)69618807 | ||
| 035 | _azz2004851718 | ||
| 035 | _a(PL)b0000001456250 | ||
| 035 | _a(EXLNZ-48OMNIS_NETWORK)9910521097605606 | ||
| 040 |
_aWA N _cWA N _dWA N _dKOSZ 005/HR |
||
| 041 | 0 | _apol | |
| 046 | _k2001- | ||
| 080 | _a316.346.3-053.6(438) | ||
| 080 | _a316.64-057.874(438) | ||
| 080 | _a37.091.212(438) | ||
| 100 | 1 |
_aCybal-Michalska, Agnieszka _d(1973- ) _eAutor |
|
| 245 | 1 | 0 |
_aOrientacje proeuropejskie młodzieży : _bstan i potrzeby edukacyjne / _cAgnieszka Cybal-Michalska ; Uniwersytet im. Adama Mickiewicza w Poznaniu. Wydział Studiów Edukacyjnych. |
| 260 |
_aPoznań ; _aKoziegłowy : _b"Wolumin", _c2001. |
||
| 300 |
_a221 s. : _bil. ; _c21 cm. |
||
| 336 |
_aTekst _btxt _2rdacontent |
||
| 337 |
_aBez urządzenia pośredniczącego _bn _2rdamedia |
||
| 338 |
_aWolumin _bnc _2rdacarrier |
||
| 380 | _aKsiążki | ||
| 388 | _a2001- | ||
| 504 | _aBibliogr. | ||
| 648 | _a1901-2000 | ||
| 648 | _a1989-2000 | ||
| 650 | 7 |
_aEdukacja europejska _2DBN |
|
| 650 | 7 |
_aIntegracja europejska _2DBN |
|
| 650 | 7 |
_aUczniowie _2DBN |
|
| 650 | 7 | _aPotrzeby edukacyjne | |
| 650 | 7 | _aSocjologia młodzieży | |
| 651 | 7 |
_aPolska _2DBN |
|
| 658 | _aEdukacja i pedagogika | ||
| 710 | 2 | _aWydział Studiów Edukacyjnych (Uniwersytet im. Adama Mickiewicza ; Poznań) | |
| 856 |
_uhttp://koha.tu.koszalin.pl/cgi-bin/koha/opac-detail.pl?biblionumber=45022 _yKatalog online BPK |
||
| 942 |
_2UKD _cKS |
||
| 999 |
_c45022 _d45022 |
||